| 000 | 00993nam a2200241Ia 4500 | ||
|---|---|---|---|
| 001 | 9856 | ||
| 003 | GE_BSU | ||
| 008 | 181216s||||||||xx |||||||||||||| ||und|| | ||
| 020 | _a9789994061440 | ||
| 040 | _cGE_BSU | ||
| 080 | _a821.353.1.09XX | ||
| 100 | _aნიკოლეიშვილი, ავთანდილ | ||
| 245 | _aმეოცე საუკუნის ქართული ლიტერეტურის ისტორია | ||
| 245 | _bპროპედევტიკული კურსი | ||
| 245 | _cრედ.ნესტან კუტივაძე;გია ხოფერია. | ||
| 260 | _aთბილისი. | ||
| 260 | _bუნივერსალი. | ||
| 260 | _c2007 | ||
| 300 | _a180გვ;20სმ. | ||
| 653 | _aმეოცე საუკუნის ქართული ლიტერეტურის ისტორია | ||
| 653 | _aპროპედევტიკული კურსი | ||
| 942 | _cBK | ||
| 999 |
_c43135 _d43135 |
||